| 000 | 00873nam a2200253 a 4500 | ||
|---|---|---|---|
| 001 | 000001991 | ||
| 003 | DO-SdBPM | ||
| 005 | 20250606120718.0 | ||
| 008 | 090630s2007 dr 000 f spa d | ||
| 020 | _a9789945160819 | ||
| 040 |
_aDO-SdBPM _bspa _cBPMSU |
||
| 082 | 4 |
_aRD863.44 _bU15n 2007 _222 |
|
| 100 | 1 |
_aUbiñas Renville, Guaroa, _d1944- |
|
| 245 | 1 | 3 |
_aEl niño y el bicornio : _bla infancia del dictador Trujillo / _cGuaroa Ubiñas Renville. |
| 260 |
_aSanto Domingo : _bEditora Búho, _c2007. |
||
| 300 |
_a200 p. ; _c23 cm. |
||
| 500 | _aIncluye datos biográficos del autor en la solapa de la cubierta | ||
| 590 | _aInventariado, 2025 /VM | ||
| 600 | 1 | 0 |
_aTrujillo Molina, Rafael Leónidas, _d1891-1961 _vFicción |
| 650 | 4 | _aLiteratura dominicana. | |
| 650 | 4 | _aNovela histórica dominicana. | |
| 910 | _aVMateo V. Control calidad. BPMSU | ||
| 942 |
_2ddc _cBK |
||
| 999 |
_c12853 _d12853 |
||